| 000 | 00000nam##2200000za#4500 |
| 001 | 9.578679 |
| 003 | CaOODSP |
| 005 | 20210624190212 |
| 007 | cr ||||||||||| |
| 008 | 150406|2005||||xxc|||||o f|0| 0 eng|d |
| 040 | |aCaOODSP|beng |
| 043 | |an-cn--- |
| 086 | 1 |aFs3-5/2005-01E-PDF |
| 110 | 1 |aCanada. |bDepartment of Fisheries and Oceans. |
| 245 | 10|aPopulation status of eastern Georges Bank cod (unit areas 5Zj,m) for 1978-2006 / |h[electronic resource]|c[by] J.J. Hunt, L. O'Brien, and B. Hatt. |
| 260 | |aOttawa - Ontario : |bFisheries and Oceans Canada |
| 300 | |a48p.|bgraphs, maps, references, tables |
| 490 | 1 |aTransboundary Resource Assessment Committee reference document|v2005/01 |
| 546 | |a(Résumé en français) |
| 590 | |a14-10-Supp|b2014-05-08 |
| 830 | #0|aTransboundary Resource Assessment Committee reference document ;|v2005/01|w(CaOODSP)9.507742 |
| 856 | 40|ahttp://publications.gc.ca|qPDF|s812 KB|uhttps://publications.gc.ca/collections/collection_2014/mpo-dfo/Fs3-5-2005-01-eng.pdf|y2005/01 |